01308cam a2200205 a 4500020002500000041000800025082001900033100001800052245009200070260005100162300001700213505059700230650001700827650001900844650001900863942000700882952009800889952009800987999001701085 a9780801038914 (pbk.) aENG00a230.41092bKOL1 aKolb, Robert,10aLuther and the stories of God :Biblical Narratives as a Foundation for christian Living aGrand Rapids, Mich. :bBaker Academic,cc2012. axx, 188 p. ;0 aThe whole life of a Christian as a life of repentance: Luther's metanarrative -- Luther the storyteller: the Reformer's use of narrative -- Above all, fearing, loving, and trusting in God: defining the core -- Of what it means to be human -- Suffering builds faith and calls to repentance: affliction as part of daily life -- The life of faith in responding to God's word with prayer and praise: active obedience in the sacred realm -- The life of faith in serving the neighbor: Luther's ethic of callings and commands -- Living well leads to dying well: the completion of the Christian life. 0aStorytelling 0aBible stories. 0aChristian life cBK 00104070aHMIbHMIcGENd2018-11-23l0o230.41092 KOLp11003918r2026-01-16w2026-01-16yBK 00104070aHMIbHMIcGENd2018-11-23l0o230.41092 KOLp11003917r2026-01-16w2026-01-16yBK c22542d22542